00587nam a22001697a 450000500170000001000150001702000260003203500130005803700130007108200060008410000180009024501330010826000410024127000990028230000300038150000060041120140609154836.0 aENG-108564 a9788192777108c295.00 aEN-92097 bDBAD/PUB aN aRazdan, Karan aTantra and the tantrika : cby Karan Razdanba tale of love & sex, painful separation, karmic retribution and divine awakening / aNew DelhibAtlantic Book Housec2013 aRoom No. 5, 4735/22,2nd Floor Prakash Deep Building, Ansari Road Darya GanjbNew Delhie110002 axxvii, 220p. c22cm (pbk) a